| 000 | 00637nam a22001937a 4500 | ||
|---|---|---|---|
| 005 | 20230912120833.0 | ||
| 010 | _aENG-115775 ENG-137880 | ||
| 020 | _c190.00 | ||
| 035 | _aEN-99307 EN-121412 | ||
| 037 | _bDBAD/PUB | ||
| 082 | _a610.73 | ||
| 245 |
_aRecruitment of Nurses: _bStudy notes model Q & A/ _cComplied by T. Ravi |
||
| 260 |
_aChennai _bThe Raman's Books _c2015 |
||
| 270 |
_a25 Fourth main Road Indira Nagar,Adyar _bChennai _e600020 |
||
| 300 |
_aVarious Pagings _c27cm(pbk) |
||
| 500 | _a Conducted by medical service recruitment board | ||
| 700 |
_aRavi,T. _956372 |
||
| 942 |
_2ddc _cEN _h610.73 _mREC |
||
| 999 |
_c102686 _d102686 |
||